000 01623nam a22003613i 4500
001 EBC6862920
003 MiAaPQ
005 20220401141456.0
007 cr cnu||||||||
008 220331s2022 xx o ||||0 eng d
020 _a9781793608932
_q(electronic bk.)
020 _z9781793608925
040 _aMiAaPQ
_beng
_cMiAaPQ
100 1 _aBertelsen, Olga.
_94919
245 1 0 _aIn the Labyrinth of the KGB :
_bUkraine's Intelligentsia in the 1960s-1970s.
_cOlga Bertelsen
264 1 _aLanham :
_bLexington Books,
_c2022.
264 4 _c©2022.
300 _a1 online resource (325 pages)
336 _aText
_btxt
_2rdacontent
337 _aComputermedien
_bc
_2rdamedia
338 _aOnline Resource
_bcr
_2rdacarrier
500 _aE-Book-ProQuest / Fernzugriff nach Registrierung möglich
520 _aThis book focuses on the writers who lived through the processes of de-Stalinization and re-Stalinization during the 1960s and 1970s in Soviet Ukraine. The author argues that the KGB unintentionally facilitated the transnational and intercultural links among the Kharkiv multiethnic community of writers.
610 2 _aSowjetunion. Komitet Gosudarstvennoj Bezopasnosti
_94812
650 4 _aIntellektueller
_91909
651 4 _aUkraine
_9652
655 4 _aElectronic books.
655 _aFernzugriff
_9230
710 _a
_94932
776 0 8 _iPrint version:
_aBertelsen, Olga
_tIn the Labyrinth of the KGB
_dLanham : Lexington Books,c2022
_z9781793608925
856 4 0 _uhttps://ebookcentral.proquest.com/lib/maxweberstiftung-ebooks/detail.action?docID=6862920
_zVolltext
942 _cEB
_2z
999 _c59636
_d59636